Statistics for 1970s American TV Trivia

Click here to take the quiz!

General Stats

  • This quiz has been taken 9,153 times
  • The average score is 15 of 20

Answer Stats

Question Answer % Correct
What TV show was about the Korean War?M*A*S*H
94%
What superhero was portrayed by Lynda Carter?Wonder Woman
93%
Who could fix a juke box by hitting it?The Fonz
92%
What alien was portrayed by Robin Williams?Mork
88%
Which "Charlie's Angels" star was famous for her hair?Farrah Fawcett
80%
How much did it cost to build the bionic man Steve Austin?Six Million Dollars
78%
What catchphrase often ended episodes of "Hawaii Five-O"?{Book} 'em, Danno!
78%
What family of aliens had extremely pointy heads?The Coneheads
78%
What breed of dog was Scooby Doo?Great Dane
77%
What musical family toured on a school bus?The Partridge Family
74%
What cigar-smoking detective would ensnare his targets by asking "just one more thing"?Columbo
73%
What show starred John Ritter and Suzanne Somers?Three's Company
71%
What was the name of the housekeeper on "The Brady Bunch"?Alice
70%
What family moved on up, to the East Side?The Jeffersons
69%
In what city would you find radio station WKRP?Cincinnati
68%
What musical husband and wife hosted a comedy hour?Sonny & Cher
65%
What was name of the father in "All in the Family"?Archie Bunker
62%
What show's theme song started "schlemeel, schlemazel, hasenfeffer incorporated"?Laverne & Shirley
60%
What show ended with a few minutes from Andy Rooney?60 Minutes
60%
What type of business was Sanford and Son?Junk Dealer
60%

Score Distribution

Percentile by Number Answered

Percent of People with Each Score

Your Score History

You have not taken this quiz